[Event "Copenhagen Challenge"]
[Site "Ballerup"]
[Date "2018.04.27"]
[Round "4"]
[White "Sundin, Sven Ingvar"]
[Black "Nielsen, Thomas1111"]
[Result "0-1"]
[WhiteElo "1663"]
[BlackElo "1585"]
[PlyCount "54"]
[EventDate "2018.04.25"]
[EventType "swiss"]
[EventRounds "9"]
[EventCountry "DEN"]
[SourceTitle "CBM 184 Extra"]
[Source "ChessBase"]
[SourceDate "2018.06.28"]
[SourceVersion "1"]
[SourceVersionDate "2018.06.28"]
[SourceQuality "1"]

1. e4 e6 2. d4 d5 3. Nd2 Nf6 4. e5 Nfd7 5. f4 c5 6. c3 Nc6 7. Ndf3 Qb6 8. g3 cxd4 9. cxd4 Bb4+ 10. Kf2 0-0 11. Bh3 Re8 12. Ne2 f6 13. Kg2 fxe5 14. fxe5 Nf8 15. Rf1 Bd7 16. Qd3 Be7 17. a3 Na5 18. Nc3 Rac8 19. b4 Nb3 20. Rb1 Nxc1 21. Rbxc1 Rc4 22. Rf2 Rec8 23. Rfc2 a5 24. bxa5 Qxa5 25. Nd2 R4c7 26. a4 Ba3 27. Nxd5 Qxd5+ 0-1

[Event "Copenhagen Challenge"]
[Site "Ballerup"]
[Date "2017.05.10"]
[Round "1"]
[White "Sundin, Sven Ingvar"]
[Black "Jacobsen, Mikkel Manosri"]
[Result "0-1"]
[WhiteElo "1605"]
[BlackElo "2187"]
[PlyCount "62"]
[EventDate "2017.05.10"]
[EventType "swiss"]
[EventRounds "9"]
[EventCountry "DEN"]
[SourceTitle "CBM 178 Extra"]
[Source "ChessBase"]
[SourceDate "2017.06.22"]
[SourceVersion "1"]
[SourceVersionDate "2017.06.22"]
[SourceQuality "1"]

1. e4 c6 2. d4 d5 3. Nc3 dxe4 4. Nxe4 Bf5 5. Ng3 Bg6 6. h4 h6 7. h5 Bh7 8. Bc4 e6 9. N1e2 Qb6 10. 0-0 Nd7 11. Re1 Bd6 12. c3 Ne7 13. Bd3 Bxd3 14. Qxd3 Nf6 15. b3 c5 16. Be3 0-0 17. dxc5 Bxc5 18. Bxc5 Qxc5 19. Qf3 Nc6 20. Rac1 Ne5 21. Qxb7 Nd3 22. Qf3 Nxe1 23. Rxe1 Qa3 24. Nc1 Rad8 25. Nf1 Rd5 26. g4 Nxg4 27. Ne3 Nxe3 28. fxe3 Rf5 29. Qe2 Qd6 30. Qh2 Rg5+ 31. Kh1 Qc6+ 0-1